000 01098nam0a22002531 4500
001 v19\rc\1253825
005 20260407100438.0
035 _a(NLR Aleph) 004409563
090 _a3987103
_c3987103
100 _a20060306d1899 |||y0rusy50 ca
101 0 _arus
102 _aRU
105 _ay z |||||
200 1 _aО принятии на счет казны 2977 р. 48 ¾ к. [от бывшего редактора газеты "Виленский вестник"
210 _aСанкт-Петербург
_d1899
215 _a1 л.
300 _aВ штампе дата: 11 янв. 1899 г.
532 1 1 _aО принятии на счет казны двух тысяч девятисот семидесяти семи рублей 48 ¾ к. [от бывшего редактора газеты "Виленский вестник"
710 0 1 _aРоссия
_bГлавное управление почт и телеграфов
_3RU\NLR\AUTH\889927044
_9349754
801 0 _aRU
_bNLR
_gpsbo
801 1 _aRU
_bProSoft-M
_2rusmarc
852 _aNLR
_j18.190.1.385
942 _cBOOK
980 _aNB